00921nam a2200193Ia 450000500170000000800410001702000180005808200190007610000280009524501260012326000540024930000220030349000150032550000490034050502190038965000260060865000450063470000480067920231102150711.0120622t20081994mx r 000 0 spa d a9789681641603 4a343.07bR627in1 aRoemer, Andréseautor10aIntroducción al análisis económico del derechoc / Andrés Roemer ; tradución de José Luis Pérez Hernández3 aMéxicob : Fondo de Cultura Económicac, 1994 axi, 114 páginas aEconomía aIncluye: índice de autores (pp. 109 - 111) aLa perspectiva tradicional La perspectiva neoinstitucional La perspectiva de la elección pública La perspectiva de los estudios de la crítica jurídica La perspectiva de los países de la Europa Continental14aECONOMÍA Y DERECHO 24aDERECHOvASPECTOS ECONÓMICOSzMÉXICO1 aPérez Hernández, José Luisetraductor